000 00624nam a2200205 a 4500
005 20260411064111.0
008 030519m19861999mx r 000 0 spa d
020 _a9684361416
035 _aUPN01000124331
049 _aCG
050 4 _aLB18
_bM6.3 1986
100 1 _aMora Ledesma, José Guadalupe de la
_929375
245 1 0 _aEsencia de la filosofia de la educación /
_cJosé Guadalupe de la Mora Ledesma.
250 _a4a ed.
260 _aMéxico :
_bProgreso,
_c1986 (1999 impr.).
300 _a285 p.
440 0 _aActualización didáctica
650 4 _aEducación
_xFilosofía
_xHistoria
_915706
905 _aLibro
999 _c96510
_d96510